Statistics for Biggest Two-Word City by Country: Africa

Click here to take the quiz!

General Stats

  • This quiz has been taken 28 times
  • The average score is 4 of 42

Answer Stats

CountryCity% Correct
South AfricaCape Town
88%
São Tomé and PríncipeSão Tomé
80%
EthiopiaAddis Ababa
80%
MauritiusPort Louis
48%
NigeriaPort Harcourt
32%
SudanPort Sudan
24%
GhanaCape Coast
8%
ZimbabweVictoria Falls
4%
NamibiaWalvis Bay
4%
MozambiqueRessano Garcia
0%
NigerMaïné Soroa
0%
SenegalThiès Nones
0%
Sierra LeonePort Loko
0%
SeychellesAnse Boileau
0%
SomaliaLas Khorey
0%
South SudanKago Kaju
0%
SwazilandBig Bend
0%
TanzaniaNewala Kisimani
0%
TunisiaLa Goulette
0%
UgandaFort Portal
0%
ZambiaKapiri Mposhi
0%
MoroccoAl Hoceïma
0%
AlgeriaBab Ezzouar
0%
AngolaMbanza Congo
0%
Djibouti'Ali Sabieh
0%
BotswanaBogo Gobo
0%
Burkina FasoFada N'gourma
0%
CameroonGaroua Boulaï
0%
Cape VerdeSanta Maria
0%
Central African RepublicKaga Bandoro
0%
ChadAm Timan
0%
Cote D'IvoireToulépleu Gueré
0%
EgyptAl Jīzah
0%
MadagascarFort Dauphin
0%
Equatorial GuineaRío Campo
0%
EritreaAdi Keyh
0%
GambiaDemba Kunda
0%
KenyaOl Kalou
0%
LesothoMohale's Hoek
0%
LiberiaNew Yekepa
0%
LibyaAl Khums
0%
MalawiNkhata Bay
0%

Score Distribution

Percentile by Number Answered

Percent of People with Each Score

Your Score History

You have not taken this quiz